000 01024nam2a2200265 4500
001 RU\NLR\bibl\1978849
005 20250616210740.0
021 _aRU
_b2012-89503
_96616
021 _aRU
_b2013-41697
_92880
035 _a(NLR Aleph) 001967580
090 _a3910988
_c3910988
100 _a20121212d2013 |||y0rusy50 ca
101 1 _arus
_ceng
102 _aRU
105 _ay |||||||||
200 1 _aА есть А
_fпер. с англ. [Д. Вознякевича]
210 _d2013 [т.е. 2012]
_aБ. м.
215 _a536 с.
300 _aКн. фактически изд. в 2012 г.
461 0 _1001RU\NLR\bibl\1986055
_12001#$aАтлант расправил плечи$vЧ. 3
_94004632
_aРэнд, Э. (1905-1982)
_cМосква
_d2013
_e8-е изд.
_fАйн Рэнд
_nАльпина Паблишер
_o[роман : в 3 ч.]
_tАтлант расправил плечи
_y9785961443042
_vЧ. 3
801 0 _aRU
_bNLR
_c20121212
_gRCR
801 1 _aRU
_bNLR
_c20121212
942 _cBOOK
980 _aNB